História a súčasnosť spriadača amerického na Slovensku

Bibliographic Details
Main Authors: Zúbrik, Milan, 1966- (Author), Turčáni, Marek, 1965- (Author)
Format: Article
Language:Slovak
ISSN:0323-0996
Subjects:

MARC

LEADER 00000nab a2200000 a 4500
001 vtls000702322
003 SK-MaSNL
005 20260304172721.0
008 250526c1999 xo 0 slo
015 |a SNBRB1999/09-19602 
035 |a CLN000054489 
035 |a urn:nbn:sk:snk-ab266q 
035 |a (urnnbn)urn:nbn:sk:snk:ar-a01qk9 
035 |a (uuid)a10a241a-fd99-4553-9e11-9a54869162ac 
040 |a SNKBUCL  |b slo  |c SNKBUCL  |e AACR2 
041 0 |a slo 
044 |a xo  |c SK 
080 |a 632.78(437.6)  |2 1997 
080 |a 630 41(437.6)  |2 1997 
080 |a 634.054(437.6)  |2 1997 
080 |a 635.92.054(437.6)  |2 1997 
100 1 |a Zúbrik, Milan,  |d 1966-  |4 aut  |9 117050 
245 1 0 |a História a súčasnosť spriadača amerického na Slovensku  |c Milan Zúbrik, Marek Turčáni 
650 0 7 |a dreviny lesné  |x dreviny ovocné  |x dreviny okrasné  |x spriadač americký  |z Slovensko  |2 snkbucl  |9 1502385 
650 0 7 |a ovocné dreviny  |2 snkbucl  |9 29477 
650 0 7 |a okrasné dreviny  |2 snkbucl  |9 3727 
650 0 7 |a spriadač americký  |2 snkbucl  |9 13226 
655 7 |a články z novín a časopisov  |2 snkbucl  |9 267496 
700 1 |a Turčáni, Marek,  |d 1965-  |4 aut  |9 27416 
773 0 |t Les  |g Roč. 55, č. 7 (1999), s. 18-19  |x 0323-0996 
850 |a Slovenská národná knižnica 
852 |a Slovenská národná knižnica 
954 |a odborná, vedecká literatúra pôvodná (slovenská)  |2 lita 
958 |a ONDV 
958 |a article2022 
958 |a SK 
992 |a RBX 
999 |c 2999865  |d 3001795